| 000 | 00545nam a2200169Ia 4500 | ||
|---|---|---|---|
| 999 |
_c21789 _d21789 |
||
| 003 | OSt | ||
| 005 | 20200702120440.0 | ||
| 008 | 190216s9999||||xx |||||||||||||| ||und|| | ||
| 020 | _a9781845111816 | ||
| 040 | _coclc | ||
| 082 |
_a916.20455 _bROB/R |
||
| 100 |
_aRoberts, Paul William _93454 |
||
| 245 | 0 |
_aRiver In The Desert A Modern Traveller In Ancient Egypt / _cPaul William Roberts |
|
| 260 |
_bTauris Parke Paperbacks, _c1993. _aNew York: |
||
| 300 | _a393p | ||
| 942 |
_cBK _2ddc _h916.20455 _iROB/R _k916.20455 _mROB/R |
||